| 000 | 00477nam a22001337a 4500 | ||
|---|---|---|---|
| 082 | _a BIT-10 ABD | ||
| 100 |
_a Abdul Jabbar _972634 |
||
| 245 | _a Improving the use of cloud resources for multi-agent scalability | ||
| 260 |
_aIslamabad _bNUST School of Electrical Engineering and Computer Science _c2013 |
||
| 300 |
_a55p. : _eCD-ROM |
||
| 500 | _a Supervisor: Dr. Peter Bloodsworth | ||
| 856 | _uhttp://10.250.8.41:8080/xmlui/handle/123456789/10563 | ||
| 942 |
_cPR _2ddc |
||
| 999 |
_c12729 _d12729 |
||